Statistics for Taylor Swift - marjorie Lyrics

Click here to take the quiz!

General Stats

  • This quiz has been taken 115 times
  • The average score is 286 of 320

Answer Stats

Answer% Correct
I
100%
you
100%
You
100%
be
98%
your
98%
and
97%
And
97%
for
97%
forget
97%
kind
97%
Marjorie
97%
me
97%
Never
97%
so
97%
to
97%
clever
95%
know
95%
didn't
93%
What
93%
better
91%
the
91%
The
91%
where
91%
as
90%
died
90%
If
90%
if
90%
my
90%
name
90%
now
90%
power
90%
stay
90%
think
90%
you're
90%
You're
90%
alive
88%
dead
88%
head
88%
I'd
88%
in
88%
Never
88%
polite
88%
signed
88%
were
88%
how
86%
it
86%
of
86%
still
86%
up
86%
Watched
86%
all
84%
All
84%
around
84%
back
84%
every
84%
kept
84%
much
84%
that
84%
write
84%
autumn
83%
down
83%
should've
83%
Should've
83%
talking
83%
Asked
81%
asked
81%
from
81%
polite
81%
questions
81%
store
81%
such
81%
wakes
81%
always
79%
'Cause
79%
dreams
79%
grocery
79%
receipt
79%
touch
79%
whole
79%
would
79%
chill
78%
complained
78%
listening
78%
our
78%
way
78%
could
76%
feet
76%
loved
76%
skies
76%
there
76%
go
74%
singing
74%
taken
74%
amber
72%
scrap
72%
left
71%
past
71%
stairs
71%
But
69%
car
69%
closets
69%
frozen
69%
wield
69%
Long
67%
them
67%
ride
66%
You'd
66%
backlogged
64%
swims
64%
limbs
59%
feel
55%

Score Distribution

Percentile by Number Answered

Percent of People with Each Score

Your Score History

You have not taken this quiz